00247nam a22000617a 4500008004100000100002100041245012300062170708b xxu||||| |||| 00| 0 eng d aNjuguna Frashiah aRoles of corporate social responsibility on profitability of commercial banks: a survey of Commercial Banks in Nakuru